Every Oscar Winning Performer Ever! - Statistics

General Stats
  • This quiz has been taken 95 times
  • The average score is 139 of 306
Answer Stats
Winners % Correct
Robert De Niro
91%
Meryl Streep
86%
Al Pacino
82%
Denzel Washington
82%
Audrey Hepburn
77%
Brad Pitt
77%
Daniel Day-Lewis
77%
Emma Thompson
77%
George Clooney
77%
Jack Nicholson
77%
Leonardo Dicaprio
77%
Morgan Freeman
77%
Tom Hanks
77%
Anthony Hopkins
73%
Bette Davis
73%
Elizabeth Taylor
73%
Frances McDormand
73%
Gregory Peck
73%
Jane Fonda
73%
Jodie Foster
73%
Julie Andrews
73%
Kevin Spacey
73%
Marlon Brando
73%
Olivia De Havilland
73%
Anne Hathaway
68%
Cate Blanchett
68%
Clark Gable
68%
Colin Firth
68%
Dustin Hoffman
68%
Gary Cooper
68%
George C. Scott
68%
Ingrid Bergman
68%
Jack Lemmon
68%
Jeff Bridges
68%
Judi Dench
68%
Julia Roberts
68%
Katharine Hepburn
68%
Michael Douglas
68%
Renee Zellweger
68%
Vivien Leigh
68%
Adrien Brody
64%
Charlize Theron
64%
Charlton Heston
64%
Christopher Plummer
64%
Diane Keaton
64%
Emma Stone
64%
Gene Hackman
64%
Halle Berry
64%
Helen Mirren
64%
Henry Fonda
64%
Jennifer Lawrence
64%
John Wayne
64%
Kate Winslet
64%
Laurence Olivier
64%
Nicolas Cage
64%
Nicole Kidman
64%
Paul Newman
64%
Russell Crowe
64%
Sandra Bullock
64%
Sean Penn
64%
Alan Arkin
59%
Alec Guinness
59%
Angelina Jolie
59%
Anna Paquin
59%
Cher
59%
Grace Kelly
59%
Hattie McDaniel
59%
Hilary Swank
59%
James Stewart
59%
Jamie Foxx
59%
Jared Leto
59%
Jessica Lange
59%
Kathy Bates
59%
Peter Finch
59%
Reese Witherspoon
59%
Roberto Benigni
59%
Sally Field
59%
Spencer Tracy
59%
Susan Sarandon
59%
Viola Davis
59%
Barbra Streisand
55%
Ben Kingsley
55%
Catherine Zeta-Jones
55%
Christian Bale
55%
Eddie Redmayne
55%
Geoffrey Rush
55%
Jennifer Hudson
55%
Jessica Tandy
55%
Joe Pesci
55%
Julianne Moore
55%
Kim Basinger
55%
Liza Minnelli
55%
Mark Rylance
55%
Michael Caine
55%
Natalie Portman
55%
Olivia Colman
55%
Philip Seymour Hoffman
55%
Robert Duvall
55%
Robin Williams
55%
Sam Rockwell
55%
Sean Connery
55%
William Hurt
55%
Yul Brynner
55%
Alicia Vikander
50%
Anne Baxter
50%
Anthony Quinn
50%
Bing Crosby
50%
Brie Larson
50%
Casey Affleck
50%
Christoph Waltz
50%
Ellen Burstyn
50%
Forest Whitaker
50%
Gary Oldman
50%
Gwyneth Paltrow
50%
Heath Ledger
50%
Helen Hayes
50%
Helen Hunt
50%
Humphrey Bogart
50%
Janet Gaynor
50%
Jeremy Irons
50%
Jim Broadbent
50%
Joaquin Phoenix
50%
Jon Voight
50%
Laura Dern
50%
Maggie Smith
50%
Matthew McConaughey
50%
Rami Malek
50%
Rex Harrison
50%
Shirley Maclaine
50%
Sidney Poitier
50%
Tatum O'Neal
50%
Tommy Lee Jones
50%
William Holden
50%
Art Carney
45%
Benicio Del Toro
45%
Burt Lancaster
45%
Charles Laughton
45%
Christopher Walken
45%
Claudette Colbert
45%
David Niven
45%
Ethel Barrymore
45%
Faye Dunaway
45%
Frank Sinatra
45%
Ginger Rogers
45%
Greer Garson
45%
Holly Hunter
45%
Jack Palance
45%
Joan Crawford
45%
Julie Christie
45%
Juliette Binoche
45%
Mary Pickford
45%
Melissa Leo
45%
Penelope Cruz
45%
Richard Dreyfuss
45%
Simone Signoret
45%
Tilda Swinton
45%
Whoopi Goldberg
45%
Anne Bancroft
41%
Beatrice Straight
41%
Chris Cooper
41%
Cloris Leachman
41%
Daniel Kaluuya
41%
Dianne Wiest
41%
Donna Reed
41%
Ernest Borgnine
41%
F. Murray Abraham
41%
Geraldine Page
41%
Glenda Jackson
41%
Jane Wyman
41%
Javier Bardem
41%
Jean Dujardin
41%
Jennifer Jones
41%
J.K. Simmons
41%
Lionel Barrymore
41%
Marlee Matlin
41%
Martin Landau
41%
Maureen Stapleton
41%
Norma Shearer
41%
Octavia Spencer
41%
Olympia Dukakis
41%
Paul Scofield
41%
Ronald Colman
41%
Sandy Dennis
41%
Sissy Spacek
41%
Sophia Loren
41%
Timothy Hutton
41%
Vanessa Redgrave
41%
Wallace Beery
41%
Allison Janney
36%
Anjelica Huston
36%
Anna Magnani
36%
Brenda Fricker
36%
Cuba Gooding Jr.
36%
Emil Jannings
36%
Estelle Parsons
36%
George Arliss
36%
Goldie Hawn
36%
James Cagney
36%
Jennifer Connelly
36%
Joanne Woodward
36%
Joel Grey
36%
Josephine Hull
36%
Kevin Kline
36%
Kim Hunter
36%
Lee Grant
36%
Luise Rainer
36%
Lupita Nyong'o
36%
Mahershala Ali
36%
Marisa Tomei
36%
Mary Steenburgen
36%
Mercedes McCambridge
36%
Mira Sorvino
36%
Monique
36%
Patricia Arquette
36%
Patricia Neal
36%
Patty Duke
36%
Paul Muni
36%
Peter Ustinov
36%
Rita Moreno
36%
Rod Steiger
36%
Shirley Booth
36%
Tim Robbins
36%
Walter Matthau
36%
Alice Brady
32%
Claire Trevor
32%
Cliff Robertson
32%
Dean Jagger
32%
Don Ameche
32%
Eva Marie Saint
32%
Fay Bainter
32%
Gloria Grahame
32%
James Coburn
32%
Jane Darwell
32%
Jason Robards
32%
Joan Fontaine
32%
Jose Ferrer
32%
Judy Holliday
32%
Karl Malden
32%
Lee Marvin
32%
Linda Hunt
32%
Loretta Young
32%
Louise Fletcher
32%
Marcia Gay Harden
32%
Marion Cotillard
32%
Paul Lukas
32%
Peggy Ashcroft
32%
Regina King
32%
Shelley Winters
32%
Walter Brennan
32%
Warner Baxter
32%
Wendy Hiller
32%
Anne Revere
27%
Broderick Crawford
27%
Celeste Holm
27%
Dorothy Malone
27%
Edmund Gwenn
27%
Eileen Heckart
27%
Gale Sondergaard
27%
Geena Davis
27%
Gig Young
27%
John Gielgud
27%
John Mills
27%
Jo Van Fleet
27%
Melvyn Douglas
27%
Rachel Weisz
27%
Ruth Gordon
27%
Shirley Jones
27%
Susan Hayward
27%
Thomas Mitchell
27%
Walter Huston
27%
Barry Fitzgerald
23%
Ben Johnson
23%
Burl Ives
23%
Charles Coburn
23%
Donald Crisp
23%
Ed Begley
23%
Edmond O'Brien
23%
Fredric March
23%
Haing S. Ngor
23%
Harold Russell
23%
Hugh Griffith
23%
Katina Paxinou
23%
Lila Kedrova
23%
Louis Gossett Jr.
23%
Margaret Rutherford
23%
Marie Dressler
23%
Martin Balsam
23%
Maximilian Schell
23%
Mercedes Ruehl
23%
Miyoshi Umeki
23%
Ray Milland
23%
Red Buttons
23%
Teresa Wright
23%
Youn Yuh-Jung
23%
George Chakiris
18%
George Kennedy
18%
George Sanders
18%
Jack Albertson
18%
John Houseman
18%
Mary Astor
18%
Victor McLaglen
18%
James Dunn
14%
Joseph Schildkraut
14%
Robert Donat
14%
Van Heflin
14%
George Burns
9%
No matching quizzes found
Score Distribution
Percent of People with Each Score
Percentile by Number Answered
Your Score History
You have not taken this quiz